हसलात तर कळवा / (Record no. 55137)

MARC details
000 -LEADER
fixed length control field 01008nam a22002297a 4500
005 - DATE AND TIME OF LATEST TRANSACTION
control field 20110810094115.0
008 - FIXED-LENGTH DATA ELEMENTS--GENERAL INFORMATION
fixed length control field 110810t xxu||||| |||| 00| 0 mar d
010 ## - LCCN (DPL NO)
LC control number MAR-21207
020 ## - INTERNATIONAL STANDARD BOOK NUMBER
International Standard Book Number 818963478X
Terms of availability 120.00
035 ## - SYSTEM CONTROL NUMBER
System control number MR-13865
037 ## - SOURCE OF ACQUISITION
Source of stock number/acquisition DBAD/PUB
040 ## - CATALOGING SOURCE
Original cataloging agency DPL
Language of cataloging MR
082 ## - DEWEY DECIMAL CLASSIFICATION NUMBER
Classification number 891.467
100 ## - MAIN ENTRY--PERSONAL NAME
Personal name कटककर,भूषण
9 (RLIN) 32250
245 ## - TITLE STATEMENT
Title हसलात तर कळवा /
Statement of responsibility, etc भूषण कटककर
246 ## - VARYING FORM OF TITLE
Title proper/short title Hasalat Tar Kalava
Remainder of title by Bhushan Katakar
260 ## - PUBLICATION, DISTRIBUTION, ETC. (IMPRINT)
Place of publication, distribution, etc पुणे
Name of publisher, distributor, etc स्नेहवर्धन प्रकाशन
Date of publication, distribution, etc 2009
270 ## - ADDRESS
Address 863,सदाशिव पेठ,महात्मा फुले सभागृहमागे,
City पुणे
Postal code 411030
300 ## - PHYSICAL DESCRIPTION
Extent 135पृ.
Dimensions 22सेमी(अजिल्द)
942 ## - ADDED ENTRY ELEMENTS (KOHA)
Source of classification or shelving scheme Dewey Decimal Classification
Item type Marathi Books
Classification part 891.467
Call number suffix कटक
Holdings
Withdrawn status Lost status Source of classification or shelving scheme Damaged status Not for loan Collection code Home library Current library Date acquired Source of acquisition Cost, normal purchase price Total Checkouts Full call number Barcode Date last seen Copy number Cost, replacement price Koha item type
    Dewey Decimal Classification   Not For Loan Non-fiction D.B.Act.Division D.B.Act.Division 10/08/2011 DBAD / PUB 120.00   891.467 कटक MR-13865 10/08/2011 1 120.00 Marathi Books

© Delhi Public Library
Hit Counter
free hit counter